000 00260nam a2200097Ia 4500
001 1225648
005 20250827092949.0
008 250824s9999 xx 000 0 und d
245 0 _aSULTANI ÖLDÜRMEK
_cAHMET ÜMİT
260 _bEVEREST YAYINLARI
999 _c1225648
_d1225648